[Event "IECC O email"]
[Site "IECC email"]
[Date "2001.01.15"]
[Round "?"]
[White "Indiana, Karl"]
[Black "Janssen, Armand"]
[Result "1-0"]
[WhiteElo "1000"]
[BlackElo "1000"]
[PlyCount "69"]
[EventDate "2001.??.??"]
[EventType "tourn (corr)"]
[EventRounds "6"]
[SourceTitle "Corr 2008"]
[Source "ChessBase"]
[SourceDate "2008.06.24"]
[SourceVersion "1"]
[SourceVersionDate "2008.06.24"]
[SourceQuality "1"]

1. e4 e5 2. Nc3 Bc5 3. Nf3 Nc6 4. Bb5 d6 5. Bxc6+ bxc6 6. d4 exd4 7. Nxd4 Bxd4 8. Qxd4 f6 9. Qc4 d5 10. Qxc6+ Bd7 11. Qxd5 Ne7 12. Qh5+ g6 13. Qe2 Bc6 14. Be3 Qd7 15. Rd1 Qe6 16. f3 f5 17. 0-0 Rb8 18. Bh6 Qe5 19. f4 Qc5+ 20. Rf2 Rxb2 21. Nd5 Qd6 22. Qc4 fxe4 23. Rdd2 e3 24. Nxe3 Rb4 25. Qc3 Rg8 26. Rxd6 Rb6 27. Rd8+ Kf7 28. Rxg8 Ke6 29. f5+ Nxf5 30. Nxf5 gxf5 31. Re2+ Be4 32. Re8+ Kf7 33. Rf8+ Kg6 34. Qg7+ Kh5 35. Qg5# 1-0